| 000 | 00778nam a2200229 a 4500 | ||
|---|---|---|---|
| 008 | 951122s1986||||[C 0 slo c | ||
| 020 |
_c53 Kčs. _q(5000 výtl.) |
||
| 040 |
_aSNK _bslo _cSNK _eAACR2 |
||
| 041 | 1 |
_aslo _hslo |
|
| 044 |
_axo _cSK |
||
| 080 | _a77.03/.05(035) | ||
| 100 | 1 |
_aNoel, Ladislav _4aut |
|
| 245 | 1 | 0 |
_aFotografické videnie a zobrazovanie _cLadislav Noel ; Zdena Vojtková, Peter Ďurík |
| 250 | _a2., vyd. | ||
| 260 |
_aMartin _bOsveta _c1986 _eMartin _fTlačiarne SNP |
||
| 300 |
_a191 s., 21,18 AH _bSch. Fot. Obr. _c21 cm |
||
| 490 | 0 | _aFotografická a filmová tvorba | |
| 500 | _aČ. 5. Lit. 46. Fot. na front. 46 zázn. v slov., češ., nem. a angl. | ||
| 700 | 1 |
_aVojtková, Zdena _4bkd |
|
| 700 | 1 |
_aĎurík, Peter _d1947- _4bkd |
|
| 958 | _aA | ||
| 999 |
_c14975 _d14975 |
||